000 00530nam a2200193Ia 4500
005 20250508152947.0
008 008 250505s9999 xx 000 0 eng d
037 _aTextual
040 _aFEDL
_beng
_cFEDL
041 _aeng
_2eng
084 _a157.9, STE
_qFEDL
100 _aStein Morris I. Ed.
_9762843
245 0 _aContemporary psychotherapies
260 _aGlencoe
_bThe Free Press
_c1961
300 _ax,386p
650 _aAbnormal psychology
942 _cTEXL
_h157.9, STE
999 _c1339844
_d1339844